=LDR 00000nam 2200000 4500 =001 INLIS000000000014710 =005 20130612110005 =008 ***********************************Ind** =035 ##$$0010-061300000014710 =041 ##$$a Ind =082 ##$$a 600 =090 ##$$a 600, Par j =100 ##$$a Parker, Steve =245 ##$$a Jendela iptek 16, Ilmu kedokteran, Steve Parker =260 ##$$a 2000 $b Jakarta =300 ##$$a 64, hlm, Ilus, 30 cm =650 ##$$a Tehnologi dan Sains =850 ##$$a NBPNMAT